اليقظه الذهنية From A to Z : (رقم التسجيلة. 144345)

تفاصيل مارك
000 -الفاتح
عناصر البيانات ثابتة الطول 00870cam a2200229 i 4500
005 - تاريخ ووقت آخر معاملة
حقل ضبط 20251111090238.0
008 - عناصر البيانات ثابتة الطول
عناصر البيانات ثابتة الطول 250721s2021 xx gr 000 0 ara d
020 ## - الترقيم الدولي المعياري للكتب (ردمك)
الترقيم الدولي المعياري للكتب (ردمك) 9789921730609
041 1# - كود اللغة
كود اللغة لنص/مسار صوت أو عنوان منفصل ara
كود اللغة للأصل eng
082 14 - رقم تصنيف ديوي العشري
رقم التصنيف 158
رقم المادة ب ا ر
100 1# - مدخل رئيسي – اسم شخصي
الاسم الشخصي بارنز، آنا
علاقة الشخص بالعمل/ دوره مؤلف.
240 10 - عنوان مقنن
عنوان مقنن The A-Z of Mindfulness How to Be More present Every Day.
245 12 - بيان العنوان
العنوان اليقظه الذهنية From A to Z :
بقية العنوان كيف تكون حاضرا أكثر كل يوم /
بيان المسؤولية آنا بارنز ؛ ترجمة:منيرة محمد البشيتي.
264 31 - بيانات النشر، التوزيع…إلخ
اسم الناشر، الموزع...إلخ اي كاريزما،
تاريخ النشر، التوزيع...إلخ 2021.
مكان النشر، التوزيع...إلخ ( غير معرف).
300 ## - الوصف المادي
عدد الوحدات المكونة للوعاء 125صفحة.
650 17 - مدخل إضافي بالموضوع - مصطلح موضوعي
مصطلح موضوعي أو اسم جغرافي كعنصر مدخل علم النفس التطبيقي.
650 17 - مدخل إضافي بالموضوع - مصطلح موضوعي
مصطلح موضوعي أو اسم جغرافي كعنصر مدخل تطوير الذات.
650 17 - مدخل إضافي بالموضوع - مصطلح موضوعي
مصطلح موضوعي أو اسم جغرافي كعنصر مدخل الشخصية.
700 1# - مدخل إضافي - اسم شخصي
الاسم الشخصي البيشي، منيرة محمد
علاقة الشخص بالعمل/ دوره مترجم.
942 ## - بيانات إضافية (كوها)
نوع التنصيف Dewey Decimal Classification
نوع المادة (كوها) كتب
المقتنيات
حالة السحب حالة الفقدان مصدر التصنيف حالة التلف غير قابل للإعارة المكتبة الرئيسية المكتبة الحالية موقع الرف تاريخ التزويد الرقم المتسلسل Total Checkouts رقم الإستدعاء الباركود تاريخ آخر ظهور تاريخ الفاتورة نوع المادة (كوها)
    Dewey Decimal Classification     المكتبة المركزية المكتبة المركزية الإعارة 28/07/2025 1769930   158 / ب ا ر PLD00501865 28/07/2025 28/07/2025 كتب
Implemented & Customized by: BBB with SCIT (Smart Chains for Information Technology)

Powered by Koha